000 00249nam a2200097Ia 4500
001 1250575
005 20251031150858.0
008 251031s9999 xx 000 0 und d
245 0 _cFARUK KARAARSLAN
_aB-3 TOPLUMSAL HAFIZA
260 _bKETEBE YAYINLARI
999 _c1250575
_d1250575